[Event "43. Olimpiada Batumi 2018 Femenina"]
[Site "Batumi GEO"]
[Date "2018.10.03"]
[Round "9.4"]
[White "Razafimahefa, Lalaina Vololona"]
[Black "De Silva, Tenara"]
[Result "0-1"]
[WhiteElo "1442"]
[BlackElo "1764"]
[PlyCount "104"]
[EventDate "2018.09.24"]
[EventType "team-swiss"]
[EventRounds "11"]
[EventCountry "GEO"]
[SourceTitle "Ajedrez en Madrid"]
[Source "lmi"]
[SourceDate "2018.09.24"]
[WhiteTeam "Madagascar"]
[BlackTeam "Sri Lanka"]
[WhiteTeamCountry "MAD"]
[BlackTeamCountry "SRI"]

1. e4 d6 2. d4 g6 3. Nc3 Bg7 4. Be3 a6 5. Qd2 b5 6. a3 Bb7 7. Nf3 Nd7 8. b4
Ngf6 9. d5 Nxe4 10. Nxe4 Bxa1 11. c3 c6 12. Bd4 f6 13. Qe3 Ne5 14. Bb6 Qc8 15.
Nxe5 fxe5 16. Qc1 cxd5 17. Nxd6+ exd6 18. Qxa1 Qc6 19. Be3 Rf8 20. f3 Rc8 21.
Bd2 Qb6 22. Be2 Rf7 23. a4 Bc6 24. a5 Qa7 25. Rf1 Ba8 26. Qd1 d4 27. Qb3 d5 28.
cxd4 Qxd4 29. Be3 Qc3+ 30. Qxc3 Rxc3 31. Bc5 Rxc5 32. bxc5 Rc7 33. f4 e4 34. f5
Rxc5 35. f6 Kf7 36. Kd2 Rc6 37. Ke3 Rxf6 38. Rxf6+ Kxf6 39. Kd4 h5 40. g3 Ke6
41. h3 Kd6 42. h4 Bb7 43. Bd1 Bc8 44. Bb3 Bg4 45. Bc2 Be2 46. Bb3 Bc4 47. Bc2
b4 48. Ba4 b3 49. Kc3 e3 50. Be8 e2 51. Kd2 Bd3 52. Kxd3 e1=Q 0-1

[Event "43. Olimpiada Batumi 2018 Femenina"]
[Site "Batumi GEO"]
[Date "2018.10.03"]
[Round "9.1"]
[White "Barria Baker, Raisa Melissa"]
[Black "Hamoonga, Linda Banti"]
[Result "0-1"]
[WhiteElo "1962"]
[BlackElo "1767"]
[PlyCount "64"]
[EventDate "2018.09.24"]
[EventType "team-swiss"]
[EventRounds "11"]
[EventCountry "GEO"]
[SourceTitle "Ajedrez en Madrid"]
[Source "lmi"]
[SourceDate "2018.09.24"]
[WhiteTeam "Panama"]
[BlackTeam "Zambia"]
[WhiteTeamCountry "PAN"]
[BlackTeamCountry "ZAM"]

1. d4 d5 2. Nf3 Nf6 3. c4 e6 4. Nc3 c6 5. e3 Nbd7 6. Qc2 Bd6 7. b3 O-O 8. Be2
Re8 9. O-O Qe7 10. Bb2 b6 11. e4 dxe4 12. Nxe4 c5 13. dxc5 Bxc5 14. Nxf6+ Nxf6
15. Ng5 h6 16. Bf3 Rb8 17. Bxf6 Qxf6 18. Qh7+ Kf8 19. Bc6 Rd8 20. Rad1 Bd4 21.
Ne4 Qe5 22. Kh1 Ke7 23. Rfe1 Qc7 24. Ng3 g6 25. Rxd4 Rxd4 26. Be4 Qe5 27. f4
Qf6 28. Qxh6 Bb7 29. Bxb7 Rxb7 30. Qh3 Rxf4 31. Qh7 Rb8 32. Qh6 Rh8 0-1

[Event "43. Olimpiada Batumi 2018 Femenina"]
[Site "Batumi GEO"]
[Date "2018.10.03"]
[Round "9.2"]
[White "Bwalya Mulwale, Lubuuto"]
[Black "Chung, Yaleika"]
[Result "0-1"]
[WhiteElo "1607"]
[BlackElo "1736"]
[PlyCount "116"]
[EventDate "2018.09.24"]
[EventType "team-swiss"]
[EventRounds "11"]
[EventCountry "GEO"]
[SourceTitle "Ajedrez en Madrid"]
[Source "lmi"]
[SourceDate "2018.09.24"]
[WhiteTeam "Zambia"]
[BlackTeam "Panama"]
[WhiteTeamCountry "ZAM"]
[BlackTeamCountry "PAN"]

1. d4 d5 2. c4 c6 3. e3 Nf6 4. Nf3 Bf5 5. Nc3 e6 6. cxd5 exd5 7. Be2 Bd6 8. a3
Nbd7 9. b4 a6 10. Bb2 h6 11. O-O O-O 12. Qb3 Qe7 13. Rac1 Ne4 14. Nxe4 Bxe4 15.
Ne1 Kh8 16. Bd3 f5 17. f3 Bxd3 18. Qxd3 Rae8 19. Nc2 Nb6 20. Rce1 Qh4 21. g3
Bxg3 22. Re2 Bd6 23. Bc3 Qf6 24. Rff2 Qe7 25. Rg2 Qf7 26. Bd2 Re6 27. Ne1 Nc4
28. Bc1 Rfe8 29. Rgf2 Qh5 30. f4 Be7 31. Nf3 Nd6 32. Ne5 Ne4 33. Rf1 Bd6 34.
Rg2 Bxe5 35. fxe5 Rg6 36. Qd1 Rxg2+ 37. Kxg2 Qxd1 38. Rxd1 g6 39. a4 Nc3 40.
Rg1 Nxa4 41. Kf3 Kh7 42. Bd2 Nb2 43. Bc3 Nc4 44. h4 Rf8 45. Be1 Kg7 46. Kf4 b6
47. Bc3 a5 48. Ra1 Ra8 49. bxa5 bxa5 50. Ra4 Kf7 51. Bb4 Ke6 52. Ra2 Ra7 53.
Ra4 Nb2 54. Rxa5 Rxa5 55. Bxa5 Nd3+ 56. Kf3 c5 57. dxc5 Nxc5 58. Bc3 Nd3 0-1

[Event "43. Olimpiada Batumi 2018 Femenina"]
[Site "Batumi GEO"]
[Date "2018.10.03"]
[Round "9.3"]
[White "Carrillo Marval, Maria Angelica"]
[Black "Simenda, Daisy"]
[Result "1-0"]
[WhiteElo "1712"]
[BlackElo "1509"]
[PlyCount "61"]
[EventDate "2018.09.24"]
[EventType "team-swiss"]
[EventRounds "11"]
[EventCountry "GEO"]
[SourceTitle "Ajedrez en Madrid"]
[Source "lmi"]
[SourceDate "2018.09.24"]
[WhiteTeam "Panama"]
[BlackTeam "Zambia"]
[WhiteTeamCountry "PAN"]
[BlackTeamCountry "ZAM"]

1. e4 e5 2. Nf3 d6 3. d4 exd4 4. Nxd4 Be7 5. Nc3 Nf6 6. Bf4 Nbd7 7. Qd2 Ne5 8.
O-O-O a6 9. f3 b5 10. h4 Bd7 11. h5 b4 12. Nd5 a5 13. Be2 c5 14. Nb5 Nxd5 15.
Nxd6+ Bxd6 16. Qxd5 Nd3+ 17. Rxd3 Bxf4+ 18. Kb1 Qc8 19. Rdd1 Rb8 20. e5 Be6 21.
Qd6 Bg5 22. Ba6 Be7 23. Bxc8 Bxd6 24. Bxe6 Bxe5 25. Bd7+ Kf8 26. Rd5 Bd4 27.
Ba4 Ke7 28. Re1+ Kf6 29. g4 g6 30. h6 g5 31. Rd6# 1-0

[Event "43. Olimpiada Batumi 2018 Femenina"]
[Site "Batumi GEO"]
[Date "2018.10.03"]
[Round "9.4"]
[White "Mbatha, Constance"]
[Black "Gonzalez, Yaribeth"]
[Result "1-0"]
[WhiteElo "1734"]
[BlackElo "1727"]
[PlyCount "101"]
[EventDate "2018.09.24"]
[EventType "team-swiss"]
[EventRounds "11"]
[EventCountry "GEO"]
[SourceTitle "Ajedrez en Madrid"]
[Source "lmi"]
[SourceDate "2018.09.24"]
[WhiteTeam "Zambia"]
[BlackTeam "Panama"]
[WhiteTeamCountry "ZAM"]
[BlackTeamCountry "PAN"]

1. e4 e5 2. Nf3 Nc6 3. Bc4 d6 4. d3 Be7 5. Be3 Nf6 6. O-O O-O 7. Nbd2 d5 8.
exd5 Nxd5 9. Nb3 Bg4 10. Qd2 Bxf3 11. gxf3 a6 12. a4 Kh8 13. Kh1 f5 14. Rg1 f4
15. Bc5 Nb6 16. Bxe7 Qxe7 17. Qe2 Nxc4 18. dxc4 Rae8 19. Qe4 Rf6 20. Rg4 Rh6
21. Rag1 g6 22. Rd1 Rd8 23. Rd5 Rh4 24. c3 Rxg4 25. fxg4 Rxd5 26. cxd5 Nd8 27.
Nd2 Nf7 28. Nf3 Kg8 29. Kg2 Kf8 30. Kf1 a5 31. Ke2 Qd6 32. b4 axb4 33. cxb4 c6
34. dxc6 bxc6 35. a5 Qc7 36. Qc4 Ke7 37. Qc5+ Ke8 38. a6 e4 39. Nd4 f3+ 40. Ke3
Ne5 41. Kxe4 Nxg4 42. Qxc6+ Qxc6+ 43. Nxc6 Nf6+ 44. Kxf3 Nd7 45. b5 Nb6 46. Ne5
Kd8 47. a7 Kc8 48. Nc4 Na8 49. b6 Kb7 50. Kf4 h6 51. h4 1-0

[Event "43. Olimpiada Batumi 2018 Femenina"]
[Site "Batumi GEO"]
[Date "2018.10.03"]
[Round "9.1"]
[White "Namaganda, Christine"]
[Black "Francis, Onkemetse"]
[Result "0-1"]
[WhiteElo "1581"]
[BlackElo "1779"]
[PlyCount "82"]
[EventDate "2018.09.24"]
[EventType "team-swiss"]
[EventRounds "11"]
[EventCountry "GEO"]
[SourceTitle "Ajedrez en Madrid"]
[Source "lmi"]
[SourceDate "2018.09.24"]
[WhiteTeam "Uganda"]
[BlackTeam "Botswana"]
[WhiteTeamCountry "UGA"]
[BlackTeamCountry "BOT"]

1. d4 Nf6 2. Nf3 d5 3. e3 c6 4. Bd3 e6 5. b3 Be7 6. Bb2 Nbd7 7. Nbd2 c5 8. O-O
O-O 9. Ne5 Qc7 10. f4 b6 11. Rf3 Bb7 12. Rh3 g6 13. g4 Nxe5 14. dxe5 Ne4 15.
Nxe4 dxe4 16. Be2 Rad8 17. Qe1 f5 18. gxf5 exf5 19. Qg3 Qd7 20. Rxh7 Kxh7 21.
Qh3+ Kg8 22. e6 Qxe6 23. Bc4 Bd5 24. Qh8+ Kf7 25. Qg7+ Ke8 26. Bb5+ Bc6 27. Bc4
Rd5 28. Bxd5 Bxd5 29. c4 Bc6 30. Rd1 g5 31. fxg5 Rg8 32. Qe5 Qxe5 33. Bxe5 Bxg5
34. Kf2 Bh4+ 35. Bg3 Bxg3+ 36. hxg3 Rh8 37. Kg2 Rh6 38. Rf1 Bd7 39. Rd1 Ke7 40.
Rd5 Rd6 41. Rxd6 Kxd6 0-1

[Event "43. Olimpiada Batumi 2018 Femenina"]
[Site "Batumi GEO"]
[Date "2018.10.03"]
[Round "9.2"]
[White "Botlhole, Kgalalelo"]
[Black "Nakabo, Peninah"]
[Result "1-0"]
[WhiteElo "1719"]
[BlackElo "1581"]
[PlyCount "123"]
[EventDate "2018.09.24"]
[EventType "team-swiss"]
[EventRounds "11"]
[EventCountry "GEO"]
[SourceTitle "Ajedrez en Madrid"]
[Source "lmi"]
[SourceDate "2018.09.24"]
[WhiteTeam "Botswana"]
[BlackTeam "Uganda"]
[WhiteTeamCountry "BOT"]
[BlackTeamCountry "UGA"]

1. d4 d5 2. c4 e6 3. Nf3 Nf6 4. g3 Nc6 5. cxd5 Bb4+ 6. Nc3 Nxd5 7. Bd2 O-O 8.
Bg2 Re8 9. O-O Nb6 10. Bg5 f6 11. Bc1 Ne7 12. Qb3 Bd6 13. e4 c5 14. dxc5 Bxc5
15. Rd1 Qc7 16. Bf4 Qc6 17. Rac1 Ng6 18. Bd2 Nd7 19. Na4 b6 20. Nd4 Qd6 21. Nb5
Qb8 22. Nxc5 Nxc5 23. Qa3 Bd7 24. Nc3 Bc6 25. Be3 Nd7 26. Ne2 Qb7 27. Qd6 Nde5
28. Nd4 Bxe4 29. Rc7 Qd5 30. Qxd5 Bxd5 31. Bxd5 exd5 32. Nf5 Nf7 33. Rxd5 Nge5
34. Kg2 g6 35. Ne7+ Kf8 36. Nc6 Nxc6 37. Rxc6 f5 38. Rc7 Re7 39. Rdd7 Rxd7 40.
Rxd7 Ke8 41. Rc7 Kf8 42. a3 Kg8 43. Bd4 Rd8 44. Bf6 Ra8 45. b4 b5 46. h3 a6 47.
g4 fxg4 48. hxg4 h6 49. f3 Re8 50. Rc6 Ra8 51. Rb6 Kh7 52. Kg3 g5 53. Bb2 Ra7
54. Rf6 Kg8 55. Bd4 Ra8 56. Rg6+ Kf8 57. Bc5+ Nd6 58. Bxd6+ Kf7 59. Rxh6 a5 60.
bxa5 Rxa5 61. Bb4 Ra8 62. Rb6 1-0

[Event "43. Olimpiada Batumi 2018 Femenina"]
[Site "Batumi GEO"]
[Date "2018.10.03"]
[Round "9.3"]
[White "Nansubuga, Gloria"]
[Black "Ndachipiwa, Kgomotso"]
[Result "1-0"]
[WhiteElo "1415"]
[BlackElo "1611"]
[PlyCount "95"]
[EventDate "2018.09.24"]
[EventType "team-swiss"]
[EventRounds "11"]
[EventCountry "GEO"]
[SourceTitle "Ajedrez en Madrid"]
[Source "lmi"]
[SourceDate "2018.09.24"]
[WhiteTeam "Uganda"]
[BlackTeam "Botswana"]
[WhiteTeamCountry "UGA"]
[BlackTeamCountry "BOT"]

1. Nf3 Nf6 2. c4 d5 3. g3 b6 4. Bg2 Bb7 5. O-O e6 6. d3 Be7 7. b3 dxc4 8. dxc4
O-O 9. Bb2 Qxd1 10. Rxd1 Na6 11. Nc3 Rfd8 12. Nb5 Be4 13. Ne5 Nb4 14. Nxc7
Rxd1+ 15. Rxd1 Rc8 16. Nb5 a6 17. Nc3 Bxg2 18. Kxg2 Nc6 19. Nd7 Nxd7 20. Rxd7
Bf6 21. Nd1 Rd8 22. Rxd8+ Bxd8 23. Ne3 f6 24. a3 Be7 25. b4 b5 26. c5 Kf7 27.
f4 f5 28. g4 g6 29. g5 a5 30. Bc3 a4 31. Nc2 Ke8 32. Nd4 Nxd4 33. Bxd4 Bd8 34.
Kf3 Kd7 35. e4 Kc6 36. Be5 Kd7 37. Ke3 Kc6 38. exf5 exf5 39. Kd4 Be7 40. Bf6
Bf8 41. Ke5 h6 42. h4 hxg5 43. hxg5 Kd7 44. Kd5 Kc7 45. Ke6 Kc6 46. Kf7 Bxc5
47. bxc5 Kxc5 48. Kxg6 1-0

[Event "43. Olimpiada Batumi 2018 Femenina"]
[Site "Batumi GEO"]
[Date "2018.10.03"]
[Round "9.4"]
[White "Besa, Masaiti"]
[Black "Ampaire, Shakira"]
[Result "0-1"]
[WhiteElo "1777"]
[BlackElo "1512"]
[PlyCount "118"]
[EventDate "2018.09.24"]
[EventType "team-swiss"]
[EventRounds "11"]
[EventCountry "GEO"]
[SourceTitle "Ajedrez en Madrid"]
[Source "lmi"]
[SourceDate "2018.09.24"]
[WhiteTeam "Botswana"]
[BlackTeam "Uganda"]
[WhiteTeamCountry "BOT"]
[BlackTeamCountry "UGA"]

1. d4 g6 2. Bf4 Nf6 3. e3 Bg7 4. Nf3 d6 5. Nbd2 Bf5 6. h3 Nbd7 7. Be2 c5 8. c3
Qb6 9. Nc4 Qc7 10. Ncd2 Qb6 11. Qb3 cxd4 12. exd4 O-O 13. O-O Rac8 14. Rfe1
Qxb3 15. Nxb3 Rfe8 16. Bf1 h5 17. Rad1 Nd5 18. Bg3 Bh6 19. Bd3 Bxd3 20. Rxd3 b5
21. a3 N7b6 22. Rdd1 Nc4 23. Rb1 Nf4 24. Bxf4 Bxf4 25. g3 Bh6 26. Nc1 Nd2 27.
Nxd2 Bxd2 28. Re2 Bxc1 29. Rxc1 d5 30. Rce1 Kf8 31. Re5 e6 32. g4 hxg4 33. hxg4
Kg7 34. Kg2 Rh8 35. f4 Rh4 36. Kg3 Rch8 37. Rg1 Rh3+ 38. Kf2 Rh2+ 39. Rg2 R8h4
40. Re1 Rxg2+ 41. Kxg2 Rxg4+ 42. Kf3 Rh4 43. Re2 Kf6 44. Kg3 Rh1 45. Kf3 a5 46.
Kg2 Rd1 47. Kf3 Rd3+ 48. Re3 Rxe3+ 49. Kxe3 a4 50. Kf2 Kf5 51. Kf3 f6 52. Kg3
Ke4 53. Kg4 Kd3 54. Kf3 Kc2 55. Ke2 Kxb2 56. Kd2 Kxa3 57. Kc2 g5 58. fxg5 fxg5
59. Kd3 Kb3 0-1

[Event "43. Olimpiada Batumi 2018 Femenina"]
[Site "Batumi GEO"]
[Date "2018.10.03"]
[Round "9.1"]
[White "Dornbusch, Tatiana"]
[Black "Marzouk, Amira"]
[Result "1-0"]
[WhiteElo "2271"]
[BlackElo "1745"]
[PlyCount "97"]
[EventDate "2018.09.24"]
[EventType "team-swiss"]
[EventRounds "11"]
[EventCountry "GEO"]
[SourceTitle "Ajedrez en Madrid"]
[Source "lmi"]
[SourceDate "2018.09.24"]
[WhiteTeam "Monaco"]
[BlackTeam "Tunisia"]
[WhiteTeamCountry "MNC"]
[BlackTeamCountry "TUN"]

1. d4 Nf6 2. c4 e6 3. Nc3 Bb4 4. Qc2 O-O 5. Nf3 d5 6. Bg5 h6 7. Bxf6 Qxf6 8. e3
b6 9. cxd5 exd5 10. Bd3 c5 11. O-O Bxc3 12. Qxc3 Nc6 13. dxc5 Qxc3 14. bxc3
bxc5 15. Rab1 Bg4 16. Rb5 c4 17. Be2 Be6 18. Rc5 Rfc8 19. Rb1 Ne7 20. Rcb5 Nc6
21. Nd4 Nxd4 22. exd4 Re8 23. R1b2 Re7 24. h3 Rae8 25. Bf3 Rd8 26. Rb7 Red7 27.
Kf1 Kf8 28. Ke1 Ke7 29. R7b5 Kf6 30. Kd2 Kg5 31. R2b4 Kf4 32. Be2 Re7 33. g3+
Kg5 34. Bxc4 Kf6 35. Bf1 Bf5 36. Rb7 Rde8 37. Rxe7 Rxe7 38. Bg2 Be4 39. Bxe4
Rxe4 40. Rb7 Re7 41. Rxe7 Kxe7 42. Kd3 Kd6 43. c4 dxc4+ 44. Kxc4 f5 45. f4 g5
46. h4 g4 47. h5 a6 48. d5 a5 49. a4 1-0

[Event "43. Olimpiada Batumi 2018 Femenina"]
[Site "Batumi GEO"]
[Date "2018.10.03"]
[Round "9.2"]
[White "Miladi, Amen"]
[Black "Berezovska, Svetlana"]
[Result "1/2-1/2"]
[WhiteElo "1702"]
[BlackElo "1812"]
[PlyCount "108"]
[EventDate "2018.09.24"]
[EventType "team-swiss"]
[EventRounds "11"]
[EventCountry "GEO"]
[SourceTitle "Ajedrez en Madrid"]
[Source "lmi"]
[SourceDate "2018.09.24"]
[WhiteTeam "Tunisia"]
[BlackTeam "Monaco"]
[WhiteTeamCountry "TUN"]
[BlackTeamCountry "MNC"]

1. e4 c5 2. Nf3 a6 3. d4 cxd4 4. Nxd4 Nf6 5. Nc3 e5 6. Nf3 Bb4 7. Bd2 d6 8. Bd3
O-O 9. a3 Bxc3 10. Bxc3 Bg4 11. Bd2 Nc6 12. Bg5 h6 13. Bh4 g5 14. Bg3 Nd4 15.
Be2 Bxf3 16. Bxf3 Qb6 17. Rb1 Qc6 18. c3 Nxf3+ 19. gxf3 Rfe8 20. h4 Kg7 21.
hxg5 hxg5 22. Qc1 Kg6 23. Bh4 Nh7 24. Rg1 f6 25. Qe3 Kf7 26. Bg3 Rad8 27. Rd1
Nf8 28. Qe2 Ne6 29. Kf1 d5 30. exd5 Rxd5 31. Rxd5 Qxd5 32. Qe4 Qxe4 33. fxe4
Nc5 34. f3 Rd8 35. Ke2 Na4 36. Rb1 Nc5 37. Rd1 Rxd1 38. Kxd1 Ke6 39. Kd2 Nb3+
40. Kc2 Nc5 41. b4 Nd7 42. c4 Kd6 43. Bf2 Kc6 44. c5 Nf8 45. Kb3 Ne6 46. Kc4
Nf4 47. a4 Ne6 48. b5+ axb5+ 49. axb5+ Kc7 50. Kd5 Nf4+ 51. Kc4 Ne6 52. Kd5
Nf4+ 53. Kc4 Ne6 54. Be3 Kd7 1/2-1/2

[Event "43. Olimpiada Batumi 2018 Femenina"]
[Site "Batumi GEO"]
[Date "2018.10.03"]
[Round "9.3"]
[White "Lebel-Arias, Julia"]
[Black "Meddeb, Chadha"]
[Result "1-0"]
[WhiteElo "1724"]
[BlackElo "1619"]
[PlyCount "57"]
[EventDate "2018.09.24"]
[EventType "team-swiss"]
[EventRounds "11"]
[EventCountry "GEO"]
[SourceTitle "Ajedrez en Madrid"]
[Source "lmi"]
[SourceDate "2018.09.24"]
[WhiteTeam "Monaco"]
[BlackTeam "Tunisia"]
[WhiteTeamCountry "MNC"]
[BlackTeamCountry "TUN"]

1. d4 Nf6 2. Nf3 e6 3. Bg5 Be7 4. Nbd2 b6 5. e4 d6 6. c3 Bb7 7. Bd3 Nbd7 8. Qe2
c5 9. h4 h6 10. Bf4 Qc7 11. Bg3 Nh5 12. Bh2 Nhf6 13. a4 O-O 14. O-O Ng4 15. Bg3
e5 16. Bc4 exd4 17. cxd4 Qd8 18. Nb3 Kh8 19. Rfe1 Rc8 20. Rad1 Ndf6 21. Nfd2
cxd4 22. Nxd4 Ne5 23. Bb5 Nfd7 24. Nf5 Rc2 25. b3 a6 26. Bxd7 Qxd7 27. Qe3 Qc7
28. Qd4 Nc6 29. Qxg7# 1-0

[Event "43. Olimpiada Batumi 2018 Femenina"]
[Site "Batumi GEO"]
[Date "2018.10.03"]
[Round "9.4"]
[White "Hilali, Wissal"]
[Black "Berezovsky, Fiorina"]
[Result "1-0"]
[WhiteElo "1419"]
[BlackElo "1526"]
[PlyCount "53"]
[EventDate "2018.09.24"]
[EventType "team-swiss"]
[EventRounds "11"]
[EventCountry "GEO"]
[SourceTitle "Ajedrez en Madrid"]
[Source "lmi"]
[SourceDate "2018.09.24"]
[WhiteTeam "Tunisia"]
[BlackTeam "Monaco"]
[WhiteTeamCountry "TUN"]
[BlackTeamCountry "MNC"]

1. d4 Nf6 2. Bf4 g6 3. e3 Bg7 4. Nf3 O-O 5. Be2 d6 6. h3 c5 7. c3 b6 8. Nbd2
Bb7 9. Qc2 Nbd7 10. e4 Rc8 11. d5 Qc7 12. O-O Rfe8 13. c4 Ne5 14. Nxe5 dxe5 15.
Bh2 e6 16. Rad1 exd5 17. exd5 Rcd8 18. Rfe1 b5 19. b3 b4 20. Bf3 Bc8 21. Qb2
Nd7 22. Ne4 f5 23. Ng5 Nb6 24. Qd2 h6 25. d6 Qb8 26. Bd5+ Kf8 27. Nh7# 1-0

[Event "43. Olimpiada Batumi 2018 Femenina"]
[Site "Batumi GEO"]
[Date "2018.10.03"]
[Round "9.1"]
[White "Malehloa, Likhomo"]
[Black "Perez Rodriguez, Jennifer"]
[Result "0-1"]
[WhiteElo "1174"]
[BlackElo "2159"]
[PlyCount "88"]
[EventDate "2018.09.24"]
[EventType "team-swiss"]
[EventRounds "11"]
[EventCountry "GEO"]
[SourceTitle "Ajedrez en Madrid"]
[Source "lmi"]
[SourceDate "2018.09.24"]
[WhiteTeam "Lesotho"]
[BlackTeam "Paraguay"]
[WhiteTeamCountry "LES"]
[BlackTeamCountry "PAR"]

1. e4 e5 2. Nf3 Nc6 3. Bc4 Nf6 4. d3 Bc5 5. O-O d6 6. Bg5 h6 7. Bh4 Na5 8. Bb3
Nxb3 9. axb3 g5 10. Bg3 Nh5 11. c3 Nxg3 12. hxg3 Bb6 13. b4 Bg4 14. Nbd2 a6 15.
Qa4+ Bd7 16. Qc2 Qf6 17. c4 O-O 18. c5 Ba7 19. Nb3 Rad8 20. d4 exd4 21. Nfxd4
dxc5 22. bxc5 Bc8 23. Nf3 c6 24. Rfe1 Bb8 25. Nbd2 Be6 26. b4 g4 27. e5 Qg6 28.
Qxg6+ fxg6 29. Nh4 Rxd2 30. Nxg6 Rfxf2 31. Nf4 Bd5 32. Rad1 Kf8 33. Rxd2 Rxd2
34. Nxd5 Rxd5 35. Rf1+ Ke7 36. Rf6 Bxe5 37. Rxh6 Kf7 38. Rh7+ Bg7 39. Rh4 Rd4
40. Kf2 Rxb4 41. Rh5 a5 42. Rh1 a4 43. Rd1 Bd4+ 44. Ke2 a3 0-1

[Event "43. Olimpiada Batumi 2018 Femenina"]
[Site "Batumi GEO"]
[Date "2018.10.03"]
[Round "9.2"]
[White "Avalos, Leticia"]
[Black "Malillo, Phera"]
[Result "1-0"]
[WhiteElo "1704"]
[BlackElo "1350"]
[PlyCount "39"]
[EventDate "2018.09.24"]
[EventType "team-swiss"]
[EventRounds "11"]
[EventCountry "GEO"]
[SourceTitle "Ajedrez en Madrid"]
[Source "lmi"]
[SourceDate "2018.09.24"]
[WhiteTeam "Paraguay"]
[BlackTeam "Lesotho"]
[WhiteTeamCountry "PAR"]
[BlackTeamCountry "LES"]

1. d4 d5 2. c4 e6 3. Nc3 c6 4. cxd5 cxd5 5. Nf3 Bd6 6. a3 Nf6 7. Bg5 h6 8. Bh4
Be7 9. e3 O-O 10. Bxf6 Bxf6 11. Bd3 Nc6 12. O-O e5 13. dxe5 Bxe5 14. Nxe5 Nxe5
15. Nxd5 Nxd3 16. Qxd3 Be6 17. e4 Qd7 18. Rfd1 Rfd8 19. Nf6+ gxf6 20. Qg3+ 1-0

[Event "43. Olimpiada Batumi 2018 Femenina"]
[Site "Batumi GEO"]
[Date "2018.10.03"]
[Round "9.3"]
[White "McPherson, Naleli"]
[Black "Martinez Ramirez, Anahi"]
[Result "0-1"]
[WhiteElo "1267"]
[BlackElo "1510"]
[PlyCount "110"]
[EventDate "2018.09.24"]
[EventType "team-swiss"]
[EventRounds "11"]
[EventCountry "GEO"]
[SourceTitle "Ajedrez en Madrid"]
[Source "lmi"]
[SourceDate "2018.09.24"]
[WhiteTeam "Lesotho"]
[BlackTeam "Paraguay"]
[WhiteTeamCountry "LES"]
[BlackTeamCountry "PAR"]

1. e4 e6 2. d4 d5 3. Bd3 dxe4 4. Bxe4 Nf6 5. Qd3 Nxe4 6. Qxe4 Nd7 7. f4 Nf6 8.
Qd3 c5 9. c3 cxd4 10. cxd4 b6 11. Nf3 Bb7 12. O-O Be7 13. Nc3 O-O 14. Kh1 Nd5
15. Ne4 Nb4 16. Qe2 Ba6 17. Qd1 Bxf1 18. Qxf1 Nc2 19. Rb1 Nxd4 20. Ne5 f6 21.
Nc4 Qc7 22. Be3 Rfd8 23. Rc1 Qb7 24. Ng3 Rac8 25. b3 b5 26. Nd2 Rxc1 27. Qxc1
Rc8 28. Qd1 Nc2 29. Qe2 Nxe3 30. Qxe3 Qd7 31. h3 Bc5 32. Qe2 Rd8 33. Nde4 Qd1+
34. Qxd1 Rxd1+ 35. Kh2 Bg1+ 36. Kh1 Be3+ 37. Kh2 Bxf4 38. h4 Bxg3+ 39. Kxg3 f5
40. Nc5 e5 41. a4 bxa4 42. bxa4 h6 43. Kf3 Rd4 44. g3 Rc4 45. Nb7 Rxa4 46. Nd6
Ra3+ 47. Kf2 f4 48. gxf4 exf4 49. Kg2 g5 50. hxg5 hxg5 51. Ne4 g4 52. Nf6+ Kf7
53. Nd5 Ra2+ 54. Kg1 f3 55. Ne3 g3 0-1

[Event "43. Olimpiada Batumi 2018 Femenina"]
[Site "Batumi GEO"]
[Date "2018.10.03"]
[Round "9.4"]
[White "Carreras Colman, Luz Gabriela"]
[Black "Leboela, Maboloko"]
[Result "1/2-1/2"]
[WhiteElo "1397"]
[BlackElo "1306"]
[PlyCount "144"]
[EventDate "2018.09.24"]
[EventType "team-swiss"]
[EventRounds "11"]
[EventCountry "GEO"]
[SourceTitle "Ajedrez en Madrid"]
[Source "lmi"]
[SourceDate "2018.09.24"]
[WhiteTeam "Paraguay"]
[BlackTeam "Lesotho"]
[WhiteTeamCountry "PAR"]
[BlackTeamCountry "LES"]

1. d4 Nf6 2. Nf3 g6 3. Bf4 Bg7 4. e3 O-O 5. h3 e6 6. Be2 Nc6 7. O-O d6 8. Nbd2
Ne7 9. c3 Bd7 10. Bh2 Rc8 11. Re1 d5 12. Ne5 Be8 13. Qb3 b6 14. Ba6 Ra8 15.
Rac1 b5 16. Nd3 Rb8 17. Nc5 Rb6 18. Qa3 Nc6 19. Bb7 Nb8 20. Qxa7 Bd7 21. Ndb3
Re8 22. Na6 Nxa6 23. Bxa6 Qa8 24. Qxa8 Rxa8 25. Nc5 Rbxa6 26. Nxa6 Rxa6 27. a3
c6 28. f3 Bh6 29. g4 Ne8 30. h4 g5 31. h5 f5 32. gxf5 exf5 33. Rc2 Nf6 34. Be5
Nxh5 35. Rh2 Be8 36. Kf2 Bg7 37. Reh1 Bxe5 38. dxe5 Ng7 39. Rxh7 Bg6 40. R7h6
c5 41. Rd1 Nh5 42. Rh1 Ng7 43. Rg1 g4 44. fxg4 fxg4 45. Rxg4 Kf7 46. Rf4+ Ke7
47. Rg4 Kf7 48. Rh2 Be4 49. Rf4+ Ke7 50. Rh8 Rg6 51. Rh2 Ke6 52. Rf6+ Rxf6+ 53.
exf6 Kxf6 54. Rh6+ Ke5 55. Rb6 Bd3 56. Rb7 Nf5 57. Ra7 d4 58. exd4+ cxd4 59.
cxd4+ Nxd4 60. Ke3 Bc4 61. a4 b4 62. Ra5+ Bd5 63. Ra7 b3 64. Kd3 Nc6 65. Rg7
Be4+ 66. Kc3 Bd5 67. Rg5+ Kd6 68. Rxd5+ Kxd5 69. Kxb3 Kc5 70. Kc3 Kb6 71. b4
Nxb4 72. Kxb4 Ka6 1/2-1/2

[Event "43. Olimpiada Batumi 2018 Femenina"]
[Site "Batumi GEO"]
[Date "2018.10.03"]
[Round "9.1"]
[White "Vazquez Maccarini, Danitza"]
[Black "Ndirangu, Joyce Nyaruai"]
[Result "1-0"]
[WhiteElo "2082"]
[BlackElo "1673"]
[PlyCount "65"]
[EventDate "2018.09.24"]
[EventType "team-swiss"]
[EventRounds "11"]
[EventCountry "GEO"]
[SourceTitle "Ajedrez en Madrid"]
[Source "lmi"]
[SourceDate "2018.09.24"]
[WhiteTeam "Puerto Rico"]
[BlackTeam "Kenya"]
[WhiteTeamCountry "PUR"]
[BlackTeamCountry "KEN"]

1. e4 c5 2. Nf3 Nc6 3. Bb5 d6 4. O-O Nf6 5. Re1 Bd7 6. c3 a6 7. Bf1 g6 8. d4
cxd4 9. cxd4 Bg7 10. d5 Na7 11. Nc3 O-O 12. h3 b5 13. a3 a5 14. Be3 Qb8 15. b4
Nc8 16. Bd4 axb4 17. axb4 Rxa1 18. Qxa1 Nh5 19. Qa5 Bxd4 20. Nxd4 Qb7 21. Bxb5
e6 22. Bc6 Bxc6 23. dxc6 Qe7 24. b5 Qg5 25. Nf3 Qf6 26. e5 dxe5 27. b6 Nf4 28.
b7 Nxh3+ 29. gxh3 Qxf3 30. b8=Q Qxh3 31. Qbxe5 Qg4+ 32. Qg3 Qc4 33. Qb5 1-0

[Event "43. Olimpiada Batumi 2018 Femenina"]
[Site "Batumi GEO"]
[Date "2018.10.03"]
[Round "9.2"]
[White "Jumba, Gloria"]
[Black "Vega Jimenez, Keyshla M"]
[Result "1/2-1/2"]
[WhiteElo "1598"]
[BlackElo "1683"]
[PlyCount "65"]
[EventDate "2018.09.24"]
[EventType "team-swiss"]
[EventRounds "11"]
[EventCountry "GEO"]
[SourceTitle "Ajedrez en Madrid"]
[Source "lmi"]
[SourceDate "2018.09.24"]
[WhiteTeam "Kenya"]
[BlackTeam "Puerto Rico"]
[WhiteTeamCountry "KEN"]
[BlackTeamCountry "PUR"]

1. d4 Nf6 2. Nf3 d5 3. g3 c6 4. Bg2 Bf5 5. O-O h6 6. Nbd2 Nbd7 7. c4 e6 8. b3
Be7 9. Bb2 O-O 10. Ne5 Rc8 11. Nxd7 Qxd7 12. Nf3 Rfd8 13. Qd2 Ne4 14. Qe3 Qc7
15. c5 Bf6 16. b4 b6 17. Nd2 Nxd2 18. Qxd2 bxc5 19. bxc5 e5 20. e3 exd4 21.
Bxd4 Be7 22. Rfc1 Rb8 23. Bf1 Be4 24. Bd3 Bf3 25. Be2 Be4 26. Qc3 f6 27. f3 Bf5
28. Bd3 Be6 29. Rab1 Qd7 30. Bf1 Bh3 31. Qd2 Bf5 32. Bd3 Bh3 33. Bf1 1/2-1/2